Central Library OPAC University of Rajshahi

Elementary abstract algebra / (Record no. 6598)

MARC details
000 -LEADER
fixed length control field 00919nam a22002771 4500
001 - CONTROL NUMBER
control field 6598
003 - CONTROL NUMBER IDENTIFIER
rucl marc code BD-RjUL
005 - DATE AND TIME OF LATEST TRANSACTION
control field 20211208234256.0
008 - FIXED-LENGTH DATA ELEMENTS--GENERAL INFORMATION
fixed length control field 140111s1965 stka 001 0 eng
035 ## - SYSTEM CONTROL NUMBER
System control number (BD-RjUL)6639
040 ## - CATALOGING SOURCE
Original cataloging agency DLC/ICU
Transcribing agency ICU
Modifying agency DLC
Language of cataloging eng
041 ## - LANGUAGE CODE
Language code of text/sound track or separate title eng
082 00 - DEWEY DECIMAL CLASSIFICATION NUMBER
Classification number 512.8
Author mark and year PAE 1965
100 1# - MAIN ENTRY--PERSONAL NAME
Personal name Patterson, E. M.
Fuller form of name (Edward M'William)
9 (RLIN) 20758
245 10 - TITLE STATEMENT
Title Elementary abstract algebra /
Statement of responsibility, etc. E.M. Patterson and D.E. Rutherford.
260 ## - PUBLICATION, DISTRIBUTION, ETC. (IMPRINT)
Place of publication, distribution, etc. Edinburgh ;
-- London ;
-- New York :
Name of publisher, distributor, etc. Oliver & Boyd ;
-- Interscience,
Date of publication, distribution, etc. c1965.
300 ## - PHYSICAL DESCRIPTION
Pagination viii, 211 p :
Illustrations tables, diagrs. ;
Size 18 cm.
500 ## - GENERAL NOTE
General note With solutions to exercises.
504 ## - BIBLIOGRAPHY, ETC. NOTE
Bibliography, etc Includes index.
650 #0 - SUBJECT ADDED ENTRY--TOPICAL TERM
Topical term or geographic name as entry element Algebra, Abstract.
9 (RLIN) 20760
700 1# - ADDED ENTRY--PERSONAL NAME
Personal name Rutherford, D. E.
Fuller form of name (Daniel Edwin),
Dates associated with a name 1906-
Relator term joint author.
942 ## - ADDED ENTRY ELEMENTS (KOHA)
Source of classification or shelving scheme Dewey Decimal Classification
Koha item type Books
Holdings
Lost status Source of classification or shelving scheme Damaged status Not for loan Collection code Permanent Location Current Location Shelving location Date acquired Source of acquisition Cost, normal purchase price Total Checkouts Full call number Date last seen Copy number Koha item type
  Dewey Decimal Classification     Non-fiction Central Library, University of Rajshahi Central Library, University of Rajshahi   01/11/1969 Zuit 0.18   512.8 PAE 1965 11/01/2014 C-8 Books
  Dewey Decimal Classification     Non-fiction Central Library, University of Rajshahi Central Library, University of Rajshahi   01/11/1969 Zeitlinger 17.60   512.8 PAE 1965 27/08/2016 C-2 Books
  Dewey Decimal Classification     Non-fiction Central Library, University of Rajshahi Central Library, University of Rajshahi   01/11/1969 Zeitlinger 17.60   512.8 PAE 1965 27/08/2016 C-3 Books
  Dewey Decimal Classification     Non-fiction Central Library, University of Rajshahi Central Library, University of Rajshahi   01/11/1969 Zeitlinger 17.60   512.8 PAE 1965 27/08/2016 C-4 Books
  Dewey Decimal Classification     Non-fiction Central Library, University of Rajshahi Central Library, University of Rajshahi   01/11/1969 Zeitlinger 17.60   512.8 PAE 1965 27/08/2016 C-5 Books
  Dewey Decimal Classification     Non-fiction Central Library, University of Rajshahi Central Library, University of Rajshahi   01/11/1969 Zeitlinger 17.60   512.8 PAE 1965 27/08/2016 C-6 Books
  Dewey Decimal Classification     Non-fiction Central Library, University of Rajshahi Central Library, University of Rajshahi   01/11/1969 Zeitlinger 17.60   512.8 PAE 1965 27/08/2016 C-7 Books
  Dewey Decimal Classification     Non-fiction Central Library, University of Rajshahi Central Library, University of Rajshahi   01/11/1969 Zeitlinger 17.60   512.8 PAE 1965 27/08/2016 C-9 Books
  Dewey Decimal Classification     Non-fiction Central Library, University of Rajshahi Central Library, University of Rajshahi   01/11/1969 Zeitlinger 17.60   512.8 PAE 1965 27/08/2016 C-10 Books
  Dewey Decimal Classification   Not For Loan Non-fiction Central Library, University of Rajshahi Central Library, University of Rajshahi Reading Room 01/11/1969 Zeitlinger 17.60   512.8 PAE 1965 27/08/2016 C-1 Books